000 00627nam a22001937a 4500
003 OSt
005 20251106030658.0
008 251106b |||||||| |||| 00| 0 eng d
020 _a 978-981-0695-91-0.
040 _aDWCL-Admin lib
_cOC
082 _aCirc. 647.94 W181i 2010
100 _aWalker, John R.
245 _a Introduction to hospitality management /
_cJohn R. Walker
260 _aSingapor :
_bPearson Education South Asia Pte Ltd.,
_cc2010.
300 _axxxvii, 662 p. : ill. ;
_c26 cm.
504 _aIncludes index.
650 _a1. Hospitality industry-Management.
942 _2ddc
_cBK-CIRC
_kCirc.
_n0
_e3rd ed.
999 _c5550
_d5550